Gliding Mammals: Taxonomy of Living and Extinct Species (Record no. 295300)
[ view plain ]
| 000 -LEADER | |
|---|---|
| fixed length control field | 00361nam a2200109Ia 4500 |
| 008 - FIXED-LENGTH DATA ELEMENTS--GENERAL INFORMATION | |
| fixed length control field | 160531s9999 xx 000 0 und d |
| 100 ## - MAIN ENTRY--PERSONAL NAME | |
| Personal name | Jackson, S.M. |
| 245 ## - TITLE STATEMENT | |
| Title | Gliding Mammals: Taxonomy of Living and Extinct Species |
| 245 ## - TITLE STATEMENT | |
| Statement of responsibility, etc | by S.M Jackson, R.W. Thorington, Jr. |
| 260 ## - PUBLICATION, DISTRIBUTION, ETC. (IMPRINT) | |
| Date of publication, distribution, etc | 2012 |
| 856 ## - ELECTRONIC LOCATION AND ACCESS | |
| Uniform Resource Identifier | <a href="http://opensi.si.edu/index.php/smithsonian/catalog/book/77">http://opensi.si.edu/index.php/smithsonian/catalog/book/77</a> |
| Withdrawn status | Lost status | Damaged status | Home library | Current library | Date acquired | Total Checkouts | Date last seen | Price effective from | Koha item type |
|---|---|---|---|---|---|---|---|---|---|
| College Library | College Library | 05/31/2016 | 05/31/2016 | 05/31/2016 | Curriculum - Based eBooks |